00900cam a2200253 a 4500001001000000003000600010005001700016008004100033020001500074035003500089040003700124082001700161100004000178245007500218260005700293300002100350500003000371650003400401700003600435910002800471049000900499952012100508999001700629000015364UkOxU20200929164023.0500101s1964 xxk 000 0 spa d a0851514200 aOCLC ocm30242708 from D960620M aDO-SdBNPbspacBNPHUdEQOdBNPHU a226.8bN864r1 aNorth, Brownlow,d1810-1875.93472613aEl rico y Lázaro /cBrownlow North ; traducción Francisco Adrover. aGran Bretaña :bEl Estandares de la Verdad,c1964. a118 p. ;c19 cm. aSeguda impresión, 1984. 4aParábolas bíblicas9229561 aAdrover, Francisco,etr.934727 aCatalogación derivada aBNGR 001052708MOaGRbGRcCTd2010-02-05iLF1l0o226.8 N864rp15364-10r2020-06-25w2020-06-25y2ZPréstamo interno c14929d14929